Datum a čas kvízu
27
Celkem bodů
Celkový počet nahraných bodů na tomto kvízu bez doplňovacích otázek.
2.
Pořadí na kvízu
Konečné umístění týmu na tomto kvízu.
Zaznamenané odpovědi
| # | Otázka | Odpověď | Body | Výsledky |
|---|---|---|---|---|
| 1. | Český prezident Miloš Zeman se... | Vídeň, šilink (Schilling) | 1 | |
| 2. | Mezinárodní skupina vědců přiš... | Skrillex | 0 | |
| 3. | Minulé pondělí mohli fanoušci... | D | 1 | |
| 4. | Minulý týden bylo oznámeno, že... | Prima a CNN | 1 | |
| 5. | Minulý čtvrtek začalo ve finsk... | v ledním hokeji (žen) | 1 | |
| 6. | V tomto tématu ověříme vaše zn... | Zvěř nehájenou lze lovit po celý rok, zvěř hájená má omezenou dobu lovu. | 0 | |
| 7. | Vyberte jedno psí plemeno, kte... | A | 0 | |
| 8. | Jelen bílý je zvláštní barevno... | Žleby, Žehušice, Kopidlno a Janovice | 0 | |
| 9. | Kolikaterák je tento jelen? | desaterák (nerovný) | 0 | |
| 10. | Co v myslivecké mluvě znamená... | kančí kly | 0 |